000
00301nam a22001337a 4500
008
260225b ||||| |||| 00| 0 eng d
020
_a
9951050409
041
_a
eng
080
_a
2.1
100
_a
20.1
101
_a
politik
245
_a
Standarde dhe Identitete
_c
Rexhep Ismajli
942
_2
lcc
_c
BK
999
_c
60860
_d
60860